Fußball: Bester Torschütze pro Nationalmannschaft - Statistiken

Allgemein
  • Dieses Quiz wurde 3.442 mal gespielt
    1.117 seit der letzten Aktualisierung
  • Das Durchschnittsergebnis liegt bei 24 aus 45
Antwortstatistiken
Nation Debüt Tore Spieler % Korrekt
Argentinien 2005 112 Lionel Messi
99%
Portugal 2003 138 Cristiano Ronaldo
93%
Deutschland 2001 71 Miroslav Klose
93%
Brasilien 2010 79 Neymar
91%
England 2015 73 Harry Kane
90%
Belgien 2010 88 Romelu Lukaku
89%
Norwegen 2019 42 Erling Haaland
87%
Polen 2008 85 Robert Lewandowski
85%
Elfenbeinküste 2002 65 Didier Drogba
82%
Wales 2006 40 Gareth Bale
81%
Schweden 2001 62 Zlatan Ibrahimovic
79%
Bosnien-Herz. 2007 68 Edin Dzeko
76%
Uruguay 2007 69 Luis Suarez
74%
Frankreich 2011 57 Olivier Giroud
74%
Ungarn 1945 84 Ferenc Puskas
70%
Senegal 2012 46 Sadio Mane
70%
Spanien 2005 59 David Villa
67%
Niederlande 2005 50 Robin van Persie
63%
Kamerun 1997 56 Samuel Eto'o
63%
Chile 2006 51 Alexis Sanchez
62%
Kroatien 1990 45 Davor Suker
55%
Ukraine 1995 48 Andriy Shevchenko
53%
Rumänien 1983 35 Gheorghe Hagi
53%
Mexiko 2009 52 Chicharito(Javier Hernandez)
52%
Finnland 2009 42 Teemu Pukki
48%
Australien 2004 50 Tim Cahill
45%
Südkorea 1972 58 Bum-kun Cha
44%
USA 2000/2004 57 Landon Donovan/Clint Dempsey
44%
Kolumbien 2007 36 Radamel Falcao
44%
Serbien 2013 59 Aleksandar Mitrovic
39%
Schweiz 2001 42 Alex Frei
33%
Slowakei 2007 26 Marek Hamsik
33%
Tschechien 1999 55 Jan Koller
32%
Bulgarien 1999/1967 48 Dimitar Berbatov/Christo Bonew
31%
Iran 1992 109 Ali Daei
26%
Paraguay 1999 32 Roque Santa Cruz
26%
Algerien 2012 47 Islam Slimani
23%
Österreich 1982 44 Toni Polster
23%
Togo 2000 32 Emanuel Adebayor
22%
Türkei 1992 51 Hakan Sükür
22%
Montenegro 2007 36 Stevan Jovetic
21%
Ghana 2003 51 Asamoah Gyan
18%
Peru 2004 40 Paolo Guerrero
17%
Dänemark 1997/1910 52 Jon Dahl Tomasson/Poul Nielsen
9%
Italien 1965 35 Luigi Riva
8%
Keine übereinstimmenden Quizze gefunden
Verteilung der Resultate
Anzahl Personen mit jedem Resultat
Perzentil nach korrekt beantworteten Fragen
Ihre Resultats-Entwicklung
Sie haben dieses Quiz seit der letzten Aktualisierung nicht gespielt